00381nam a2200133 a 45000010010000000030011000100080041000210350026000620820016000881000021001042450057001252600054001826500011002360000-8881ELIB.Books110520 2006  a(ELIB.Books)0000-9029 aM.Div bKhu aKhu Lar Paw, Naw aToday Christian Family Facing with Financial Problem bInsein: Karen Baptist Theological Seminary c2006 aThesis